[Event "ODJM C 2024"]
[Site "Willingen GER"]
[Date "2024.05.22"]
[Round "6"]
[White "Winklmann, Alexander"]
[Black "Rose, Elias Bernd"]
[Result "0-1"]
[Termination "normal"]
[Board "18"]
[WhiteElo "1075"]
[BlackElo "1292"]
[WhiteClock "00:59:55"]
[BlackClock "00:15:47"]
[PlyCount "96"]
[WhiteFideId "533001979"]
[BlackFideId "34665730"]
[EventCountry "GER"]
[EventRounds "9"]
[EventType "swiss"]
[EventDate "2024.05.18"]

1. e4 {[%clk 01:30:58]} {[%emt 00:00:01]} e6 {[%clk 01:30:45]} {[%emt
00:00:15]} 2. d4 {[%clk 01:31:16]} {[%emt 00:00:13]} d5 {[%clk 01:31:06]}
{[%emt 00:00:08]} 3. exd5 {[%clk 01:31:38]} {[%emt 00:00:08]} exd5 {[%clk
01:31:29]} {[%emt 00:00:07]} 4. Nf3 {[%clk 01:32:01]} {[%emt 00:00:07]} Bd6
{[%clk 01:31:05]} {[%emt 00:00:53]} 5. c4 {[%clk 01:32:25]} {[%emt 00:00:07]}
c6 {[%clk 01:31:20]} {[%emt 00:00:15]} 6. c5 {[%clk 01:32:46]} {[%emt
00:00:08]} Bc7 {[%clk 01:31:38]} {[%emt 00:00:12]} 7. Nc3 {[%clk 01:32:55]}
{[%emt 00:00:21]} Bf5 {[%clk 01:31:13]} {[%emt 00:00:53]} 8. Bd3 {[%clk
01:31:25]} {[%emt 00:02:01]} Bxd3 {[%clk 01:31:27]} {[%emt 00:00:16]} 9. Qxd3
{[%clk 01:31:48]} {[%emt 00:00:07]} Nf6 {[%clk 01:31:35]} {[%emt 00:00:23]} 10.
Bg5 {[%clk 01:31:47]} {[%emt 00:00:30]} O-O {[%clk 01:31:43]} {[%emt 00:00:22]}
11. O-O {[%clk 01:31:55]} {[%emt 00:00:23]} Nbd7 {[%clk 01:30:14]} {[%emt
00:01:59]} 12. Rfe1 {[%clk 01:30:47]} {[%emt 00:01:38]} h6 {[%clk 01:28:17]}
{[%emt 00:02:27]} 13. Bh4 {[%clk 01:25:50]} {[%emt 00:05:27]} Bf4 {[%clk
01:21:51]} {[%emt 00:06:56]} 14. Qf5 {[%clk 01:22:02]} {[%emt 00:04:17]} Bc7
{[%clk 01:06:17]} {[%emt 00:16:05]} 15. Ne5 {[%clk 01:21:32]} {[%emt 00:01:00]}
Re8 {[%clk 00:52:59]} {[%emt 00:13:48]} 16. Re3 {[%clk 01:19:23]} {[%emt
00:02:37]} Bxe5 {[%clk 00:31:00]} {[%emt 00:22:31]} 17. dxe5 {[%clk 01:19:07]}
{[%emt 00:00:46]} g6 {[%clk 00:30:01]} {[%emt 00:01:29]} 18. Qf4 {[%clk
01:17:18]} {[%emt 00:02:19]} Nh5 {[%clk 00:29:09]} {[%emt 00:01:22]} 19. Qg4
{[%clk 01:16:23]} {[%emt 00:01:24]} Qc7 {[%clk 00:26:41]} {[%emt 00:02:59]} 20.
e6 {[%clk 01:16:32]} {[%emt 00:00:21]} Nxc5 {[%clk 00:22:54]} {[%emt 00:04:17]}
21. exf7+ {[%clk 01:16:01]} {[%emt 00:01:01]} Qxf7 {[%clk 00:23:03]} {[%emt
00:00:20]} 22. Rae1 {[%clk 01:12:39]} {[%emt 00:03:50]} g5 {[%emt 00:08:26]}
23. f4 {[%clk 01:08:45]} Rxe3 {[%clk 00:16:41]} {[%emt 00:03:23]} 24. Rxe3
{[%clk 01:09:02]} {[%emt 00:00:14]} Qxf4 {[%clk 00:16:55]} {[%emt 00:00:15]}
25. Qe2 {[%clk 01:03:13]} {[%emt 00:06:18]} Qxh4 {[%clk 00:15:19]} {[%emt
00:02:06]} 26. Re8+ {[%clk 01:01:51]} {[%emt 00:01:52]} Rxe8 {[%clk 00:15:32]}
{[%emt 00:00:18]} 27. Qxe8+ {[%clk 01:02:15]} {[%emt 00:00:06]} Kh7 {[%clk
00:15:50]} {[%emt 00:00:12]} 28. Qf7+ {[%clk 01:01:56]} {[%emt 00:00:49]} Ng7
{[%clk 00:16:02]} {[%emt 00:00:18]} 29. Qe7 {[%clk 01:01:00]} {[%emt 00:01:26]}
a6 {[%clk 00:16:00]} {[%emt 00:00:33]} 30. Kh1 {[%clk 01:00:13]} {[%emt
00:01:16]} Nd3 {[%clk 00:15:50]} {[%emt 00:00:37]} 31. b3 {[%clk 01:00:12]}
{[%emt 00:00:35]} Qe1+ {[%clk 00:16:07]} {[%emt 00:00:12]} 32. Qxe1 {[%clk
01:00:36]} {[%emt 00:00:06]} Nxe1 {[%clk 00:16:32]} {[%emt 00:00:05]} 33. a4
{[%clk 01:00:30]} {[%emt 00:00:36]} Kg6 {[%clk 00:16:43]} {[%emt 00:00:19]} 34.
Kg1 {[%clk 01:00:51]} {[%emt 00:00:10]} Ne6 {[%clk 00:16:45]} {[%emt 00:00:27]}
35. b4 {[%clk 01:00:43]} {[%emt 00:00:39]} Nd4 {[%clk 00:16:55]} {[%emt
00:00:19]} 36. Kf2 {[%clk 01:00:33]} {[%emt 00:00:39]} Nec2 {[%clk 00:16:59]}
{[%emt 00:00:27]} 37. b5 {[%clk 01:00:48]} {[%emt 00:00:15]} axb5 {[%clk
00:17:21]} {[%emt 00:00:08]} 38. axb5 {[%clk 01:00:59]} {[%emt 00:00:20]} Nxb5
{[%clk 00:17:44]} {[%emt 00:00:07]} 39. Na4 {[%clk 01:01:07]} {[%emt 00:00:21]}
Kf5 {[%clk 00:17:22]} {[%emt 00:00:52]} 40. Nc5 {[%clk 01:01:29]} {[%emt
00:00:08]} Na1 {[%clk 00:14:43]} {[%emt 00:03:09]} 41. Nxb7 {[%clk 01:00:57]}
{[%emt 00:01:02]} Nb3 {[%clk 00:15:02]} {[%emt 00:00:12]} 42. Nd8 {[%clk
01:00:41]} {[%emt 00:00:46]} c5 {[%clk 00:15:20]} {[%emt 00:00:12]} 43. Nc6
{[%clk 01:00:47]} {[%emt 00:00:23]} d4 {[%clk 00:15:26]} {[%emt 00:00:25]} 44.
Ke2 {[%clk 01:00:48]} {[%emt 00:00:29]} c4 {[%clk 00:15:08]} {[%emt 00:00:48]}
45. Nb4 {[%clk 01:01:02]} {[%emt 00:00:15]} Ke4 {[%clk 00:15:15]} {[%emt
00:00:23]} 46. Ke1 {[%clk 01:00:05]} {[%emt 00:01:28]} c3 {[%clk 00:15:29]}
{[%emt 00:00:16]} 47. g3 {[%clk 00:59:48]} {[%emt 00:00:47]} d3 {[%clk
00:15:42]} {[%emt 00:00:16]} 48. Kd1 {[%clk 00:59:55]} {[%emt 00:00:23]} Na3
{[%clk 00:15:47]} {[%emt 00:00:25]} 0-1

[Event "ODJM C 2024"]
[Site "Willingen GER"]
[Date "2024.05.22"]
[Round "6"]
[White "Lange, Lene Marie"]
[Black "Gehring, Enja"]
[Result "1/2-1/2"]
[Termination "normal"]
[Board "19"]
[WhiteElo "1497"]
[BlackElo "1440"]
[WhiteClock "00:49:06"]
[BlackClock "00:54:03"]
[PlyCount "120"]
[WhiteFideId "34639748"]
[BlackFideId "34659803"]
[EventCountry "GER"]
[EventRounds "9"]
[EventType "swiss"]
[EventDate "2024.05.18"]

1. d4 {[%clk 01:30:57]} {[%emt 00:00:03]} d5 {[%clk 01:30:54]} {[%emt
00:00:06]} 2. Bf4 {[%clk 01:31:19]} {[%emt 00:00:08]} Nf6 {[%clk 01:31:13]}
{[%emt 00:00:11]} 3. e3 {[%clk 01:31:36]} {[%emt 00:00:12]} e6 {[%clk
01:31:32]} {[%emt 00:00:11]} 4. Nf3 {[%clk 01:31:46]} {[%emt 00:00:20]} Be7
{[%clk 01:31:34]} {[%emt 00:00:28]} 5. Nbd2 {[%clk 01:31:39]} {[%emt 00:00:38]}
b6 {[%clk 01:31:46]} {[%emt 00:00:18]} 6. Bd3 {[%clk 01:30:50]} {[%emt
00:01:18]} Ba6 {[%clk 01:31:23]} {[%emt 00:00:53]} 7. O-O {[%clk 01:26:56]}
{[%emt 00:04:25]} Bxd3 {[%clk 01:31:44]} {[%emt 00:00:09]} 8. cxd3 {[%clk
01:27:13]} {[%emt 00:00:12]} O-O {[%clk 01:31:12]} {[%emt 00:01:03]} 9. Qc2
{[%clk 01:26:41]} {[%emt 00:01:02]} c6 {[%clk 01:27:42]} {[%emt 00:04:00]} 10.
Ne5 {[%clk 01:25:01]} {[%emt 00:02:10]} Qc8 {[%clk 01:26:54]} {[%emt 00:01:18]}
11. Rac1 {[%clk 01:22:40]} {[%emt 00:02:51]} c5 {[%clk 01:26:26]} {[%emt
00:00:58]} 12. b4 {[%clk 01:19:46]} {[%emt 00:03:24]} Nbd7 {[%clk 01:26:13]}
{[%emt 00:00:43]} 13. dxc5 {[%clk 01:19:14]} {[%emt 00:01:02]} bxc5 {[%clk
01:26:18]} {[%emt 00:00:26]} 14. bxc5 {[%clk 01:18:18]} {[%emt 00:01:26]} Nxc5
{[%clk 01:26:12]} {[%emt 00:00:35]} 15. d4 {[%clk 01:17:48]} {[%emt 00:00:59]}
Ncd7 {[%clk 01:24:45]} {[%emt 00:01:58]} 16. Ndf3 {[%clk 01:16:50]} {[%emt
00:01:28]} Rd8 {[%clk 01:22:30]} {[%emt 00:02:44]} 17. Qb3 {[%clk 01:15:18]}
{[%emt 00:02:01]} Qa6 {[%clk 01:21:51]} {[%emt 00:01:09]} 18. Qc2 {[%clk
01:13:01]} {[%emt 00:02:49]} Rac8 {[%clk 01:20:48]} {[%emt 00:01:33]} 19. Qd2
{[%clk 01:12:00]} {[%emt 00:01:31]} Ne4 {[%clk 01:20:20]} {[%emt 00:00:58]} 20.
Qd3 {[%clk 01:11:15]} {[%emt 00:01:14]} Qxd3 {[%clk 01:16:25]} {[%emt
00:04:26]} 21. Nxd3 {[%clk 01:11:24]} {[%emt 00:00:20]} f6 {[%clk 01:15:17]}
{[%emt 00:01:39]} 22. Rfd1 {[%clk 01:07:58]} {[%emt 00:03:56]} Nc3 {[%clk
01:12:35]} {[%emt 00:03:11]} 23. Re1 {[%clk 01:06:53]} {[%emt 00:01:35]} Nxa2
{[%clk 01:10:38]} {[%emt 00:02:27]} 24. Ra1 {[%clk 01:05:51]} {[%emt 00:01:31]}
Rc2 {[%clk 01:10:43]} {[%emt 00:00:26]} 25. Reb1 {[%clk 01:03:18]} {[%emt
00:03:02]} Nb6 {[%clk 01:09:02]} {[%emt 00:02:13]} 26. Nde1 {[%clk 01:01:12]}
{[%emt 00:02:35]} Re2 {[%clk 01:06:15]} {[%emt 00:03:17]} 27. Kf1 {[%clk
01:01:05]} {[%emt 00:00:37]} Nc3 {[%clk 01:06:28]} {[%emt 00:00:16]} 28. Rc1
{[%clk 00:59:55]} {[%emt 00:01:39]} Bb4 {[%clk 01:06:04]} {[%emt 00:00:56]} 29.
Rxc3 {[%clk 00:59:52]} {[%emt 00:00:33]} Rxe1+ {[%clk 01:06:13]} {[%emt
00:00:20]} 30. Nxe1 {[%clk 00:59:58]} {[%emt 00:00:24]} Bxc3 {[%clk 01:06:37]}
{[%emt 00:00:07]} 31. Rxa7 {[%clk 00:59:27]} {[%emt 00:01:01]} h5 {[%clk
01:06:37]} {[%emt 00:00:30]} 32. Bc7 {[%clk 00:58:35]} {[%emt 00:01:23]} Nc8
{[%clk 01:04:00]} {[%emt 00:03:07]} 33. Ra3 {[%clk 00:58:08]} {[%emt 00:00:55]}
Bb4 {[%clk 01:02:23]} {[%emt 00:02:07]} 34. Rb3 {[%clk 00:57:11]} {[%emt
00:01:29]} Rd7 {[%clk 01:01:24]} {[%emt 00:01:29]} 35. Rxb4 {[%clk 00:56:41]}
{[%emt 00:00:59]} Rxc7 {[%clk 01:01:45]} {[%emt 00:00:09]} 36. Nd3 {[%clk
00:55:37]} {[%emt 00:01:34]} Re7 {[%clk 00:57:46]} {[%emt 00:04:27]} 37. Rb8
{[%clk 00:54:50]} {[%emt 00:01:20]} Re8 {[%clk 00:58:08]} {[%emt 00:00:09]} 38.
Nf4 {[%clk 00:54:38]} {[%emt 00:00:42]} Kf7 {[%clk 00:55:42]} {[%emt 00:02:55]}
39. Nxh5 {[%clk 00:54:20]} {[%emt 00:00:48]} Nd6 {[%clk 00:55:34]} {[%emt
00:00:39]} 40. Rxe8 {[%clk 00:54:03]} {[%emt 00:00:46]} Nxe8 {[%clk 00:55:52]}
{[%emt 00:00:12]} 41. Nf4 {[%clk 00:54:00]} {[%emt 00:00:32]} g5 {[%clk
00:55:52]} {[%emt 00:00:30]} 42. Nd3 {[%clk 00:54:01]} {[%emt 00:00:29]} Ng7
{[%clk 00:56:11]} {[%emt 00:00:11]} 43. f3 {[%clk 00:54:01]} {[%emt 00:00:29]}
Nf5 {[%clk 00:56:26]} {[%emt 00:00:16]} 44. Ke2 {[%clk 00:53:09]} {[%emt
00:01:19]} Nh4 {[%clk 00:56:36]} {[%emt 00:00:22]} 45. g3 {[%clk 00:52:48]}
{[%emt 00:00:52]} Nf5 {[%clk 00:55:53]} {[%emt 00:01:13]} 46. Nf2 {[%clk
00:52:15]} {[%emt 00:01:03]} Kg6 {[%clk 00:55:44]} {[%emt 00:00:40]} 47. e4
{[%clk 00:51:32]} {[%emt 00:01:13]} dxe4 {[%clk 00:55:25]} {[%emt 00:00:49]}
48. Nxe4 {[%clk 00:51:06]} {[%emt 00:00:55]} Nxd4+ {[%clk 00:54:56]} {[%emt
00:00:54]} 49. Ke3 {[%clk 00:51:09]} {[%emt 00:00:33]} Nf5+ {[%clk 00:55:11]}
{[%emt 00:00:15]} 50. Kf2 {[%clk 00:51:05]} {[%emt 00:00:33]} Nh6 {[%clk
00:55:00]} {[%emt 00:00:41]} 51. Nc5 {[%clk 00:50:30]} {[%emt 00:01:02]} Kf7
{[%clk 00:54:56]} {[%emt 00:00:38]} 52. Kg2 {[%clk 00:50:04]} {[%emt 00:00:55]}
f5 {[%clk 00:54:17]} {[%emt 00:01:09]} 53. f4 {[%clk 00:49:13]} {[%emt
00:01:21]} gxf4 {[%clk 00:54:25]} {[%emt 00:00:22]} 54. gxf4 {[%clk 00:49:26]}
{[%emt 00:00:18]} Kf6 {[%clk 00:54:37]} {[%emt 00:00:18]} 55. h3 {[%clk
00:49:16]} {[%emt 00:00:40]} e5 {[%clk 00:54:56]} {[%emt 00:00:11]} 56. fxe5+
{[%clk 00:49:27]} {[%emt 00:00:19]} Kxe5 {[%emt 00:00:09]} 57. Kf3 {[%clk
00:49:44]} {[%emt 00:00:12]} Kf6 {[%clk 00:55:31]} {[%emt 00:00:17]} 58. Kf4
{[%clk 00:49:19]} {[%emt 00:00:55]} Kg6 {[%clk 00:55:47]} {[%emt 00:00:14]} 59.
Nd3 {[%clk 00:49:05]} {[%emt 00:00:44]} Kh5 {[%clk 00:54:55]} {[%emt 00:01:22]}
60. Nf2 {[%clk 00:49:06]} {[%emt 00:00:29]} Kh4 {[%clk 00:54:03]} {[%emt
00:01:21]} 1/2-1/2

[Event "ODJM C 2024"]
[Site "Willingen GER"]
[Date "2024.05.22"]
[Round "6"]
[White "Stopp, Bruno"]
[Black "Wilke, Finja"]
[Result "1-0"]
[Termination "normal"]
[Board "20"]
[WhiteElo "1249"]
[BlackElo "1055"]
[WhiteClock "00:56:13"]
[BlackClock "00:52:53"]
[PlyCount "70"]
[WhiteFideId "34640347"]
[BlackFideId "16288360"]
[EventCountry "GER"]
[EventRounds "9"]
[EventType "swiss"]
[EventDate "2024.05.18"]

1. e4 {[%clk 01:30:57]} {[%emt 00:00:02]} e5 {[%clk 01:30:56]} {[%emt
00:00:06]} 2. Nf3 {[%clk 01:31:16]} {[%emt 00:00:10]} Nc6 {[%clk 01:31:21]}
{[%emt 00:00:05]} 3. Bc4 {[%clk 01:31:30]} {[%emt 00:00:15]} Nf6 {[%clk
01:30:07]} {[%emt 00:01:44]} 4. d3 {[%clk 01:31:51]} {[%emt 00:00:09]} Bb4+
{[%clk 01:28:11]} {[%emt 00:02:27]} 5. c3 {[%clk 01:30:56]} {[%emt 00:01:24]}
Be7 {[%clk 01:28:03]} {[%emt 00:00:39]} 6. O-O {[%clk 01:30:33]} {[%emt
00:00:53]} O-O {[%clk 01:28:22]} {[%emt 00:00:12]} 7. Be3 {[%clk 01:29:39]}
{[%emt 00:01:22]} d5 {[%clk 01:26:34]} {[%emt 00:02:19]} 8. exd5 {[%clk
01:28:13]} {[%emt 00:01:57]} Nxd5 {[%clk 01:26:13]} {[%emt 00:00:50]} 9. Nbd2
{[%clk 01:26:42]} {[%emt 00:01:58]} Nf6 {[%clk 01:23:39]} {[%emt 00:03:07]} 10.
Qc2 {[%clk 01:23:55]} {[%emt 00:03:18]} a6 {[%clk 01:18:03]} {[%emt 00:06:06]}
11. Rfd1 {[%clk 01:15:40]} {[%emt 00:08:44]} Bg4 {[%clk 01:17:35]} {[%emt
00:00:57]} 12. h3 {[%clk 01:15:47]} {[%emt 00:00:22]} Bxf3 {[%clk 01:17:54]}
{[%emt 00:00:13]} 13. Nxf3 {[%clk 01:16:08]} {[%emt 00:00:09]} b5 {[%clk
01:17:19]} {[%emt 00:01:06]} 14. Bb3 {[%clk 01:16:26]} {[%emt 00:00:12]} a5
{[%clk 01:15:16]} {[%emt 00:02:33]} 15. a4 {[%clk 01:14:39]} {[%emt 00:02:17]}
b4 {[%clk 01:13:31]} {[%emt 00:02:15]} 16. cxb4 {[%clk 01:14:03]} {[%emt
00:01:05]} Nxb4 {[%clk 01:13:34]} {[%emt 00:00:27]} 17. Qc4 {[%clk 01:14:07]}
{[%emt 00:00:15]} Qd6 {[%clk 01:10:58]} {[%emt 00:03:16]} 18. Rac1 {[%clk
01:12:28]} {[%emt 00:02:10]} Qd5 {[%clk 01:06:07]} {[%emt 00:05:22]} 19. Qc3
{[%clk 01:07:56]} {[%emt 00:05:00]} Qd6 {[%clk 01:03:22]} {[%emt 00:02:35]} 20.
Nxe5 {[%clk 01:07:31]} {[%emt 00:01:37]} Nbd5 {[%clk 01:03:10]} {[%emt
00:00:38]} 21. Qd4 {[%clk 01:06:35]} {[%emt 00:01:30]} Nxe3 {[%clk 01:02:16]}
{[%emt 00:01:24]} 22. Qxe3 {[%clk 01:06:43]} {[%emt 00:00:21]} Rab8 {[%clk
01:00:52]} {[%emt 00:01:56]} 23. Rc3 {[%emt 00:01:06]} Nd5 {[%clk 00:58:05]}
{[%emt 00:03:14]} 24. Bxd5 {[%clk 01:06:12]} {[%emt 00:00:27]} Qxd5 {[%clk
00:58:13]} {[%emt 00:00:23]} 25. Nc6 {[%clk 00:59:02]} {[%emt 00:07:39]} Bb4
{[%clk 00:56:54]} {[%emt 00:01:50]} 26. Ne7+ {[%clk 00:57:04]} {[%emt
00:02:27]} Bxe7 {[%clk 00:57:12]} {[%emt 00:00:14]} 27. Qxe7 {[%clk 00:57:28]}
{[%emt 00:00:06]} Qd4 {[%clk 00:56:15]} {[%emt 00:01:27]} 28. Qxc7 {[%clk
00:57:30]} {[%emt 00:00:25]} Rxb2 {[%clk 00:56:16]} {[%emt 00:00:32]} 29. Rc2
{[%clk 00:57:11]} {[%emt 00:00:49]} h6 {[%clk 00:55:32]} {[%emt 00:01:14]} 30.
Rxb2 {[%clk 00:57:00]} {[%emt 00:00:40]} Qxb2 {[%clk 00:55:57]} {[%emt
00:00:05]} 31. Qxa5 {[%clk 00:57:06]} {[%emt 00:00:25]} Qd4 {[%clk 00:53:21]}
{[%emt 00:03:05]} 32. Qb5 {[%clk 00:56:51]} {[%emt 00:00:42]} Rc8 {[%clk
00:52:45]} {[%emt 00:01:07]} 33. a5 {[%clk 00:55:40]} {[%emt 00:01:42]} Rc2
{[%clk 00:52:52]} {[%emt 00:00:23]} 34. Qe8+ {[%clk 00:55:55]} {[%emt
00:00:14]} Kh7 {[%clk 00:53:09]} {[%emt 00:00:14]} 35. Qxf7 {[%clk 00:56:13]}
{[%emt 00:00:12]} Ra2 {[%clk 00:52:53]} {[%emt 00:00:46]} 1-0

[Event "ODJM C 2024"]
[Site "Willingen GER"]
[Date "2024.05.22"]
[Round "6"]
[White "Nguyen Trung, Atticus"]
[Black "Albrecht, Sidney Jenna"]
[Result "1-0"]
[Termination "normal"]
[Board "21"]
[WhiteElo "1581"]
[BlackElo "1616"]
[WhiteClock "00:03:25"]
[BlackClock "00:01:16"]
[PlyCount "73"]
[WhiteFideId "34670041"]
[BlackFideId "34660283"]
[EventCountry "GER"]
[EventRounds "9"]
[EventType "swiss"]
[EventDate "2024.05.18"]

1. e4 {[%clk 01:30:59]} c5 {[%clk 01:30:54]} {[%emt 00:00:06]} 2. Nf3 {[%clk
01:31:23]} {[%emt 00:00:06]} Nc6 {[%clk 01:31:19]} {[%emt 00:00:06]} 3. d4
{[%clk 01:31:43]} {[%emt 00:00:10]} cxd4 {[%clk 01:31:45]} {[%emt 00:00:04]} 4.
Nxd4 {[%clk 01:31:55]} {[%emt 00:00:17]} g6 {[%clk 01:32:06]} {[%emt 00:00:09]}
5. c4 {[%clk 01:31:51]} {[%emt 00:00:34]} Bg7 {[%clk 01:32:22]} {[%emt
00:00:15]} 6. Be3 {[%clk 01:32:03]} {[%emt 00:00:17]} Nf6 {[%clk 01:32:25]}
{[%emt 00:00:27]} 7. Nc3 {[%clk 01:32:07]} {[%emt 00:00:26]} Ng4 {[%clk
01:31:08]} {[%emt 00:01:48]} 8. Qxg4 {[%clk 01:32:05]} {[%emt 00:00:29]} Nxd4
{[%clk 01:31:30]} {[%emt 00:00:11]} 9. Bxd4 {[%clk 01:32:02]} {[%emt 00:00:32]}
Bxd4 {[%clk 01:31:41]} {[%emt 00:00:19]} 10. Qf3 {[%clk 01:31:00]} {[%emt
00:01:31]} O-O {[%clk 01:27:54]} {[%emt 00:04:19]} 11. Be2 {[%clk 01:29:20]}
{[%emt 00:02:09]} d6 {[%clk 01:25:47]} {[%emt 00:02:37]} 12. O-O {[%clk
01:26:28]} {[%emt 00:03:21]} Be6 {[%clk 01:21:59]} {[%emt 00:04:19]} 13. Rad1
{[%clk 01:11:33]} {[%emt 00:15:21]} Bg7 {[%clk 01:17:45]} {[%emt 00:04:49]} 14.
Rb1 {[%clk 00:54:44]} {[%emt 00:17:17]} Rc8 {[%clk 01:14:19]} {[%emt 00:03:57]}
15. b3 {[%clk 00:50:50]} {[%emt 00:04:22]} h5 {[%clk 01:07:26]} {[%emt
00:07:25]} 16. Qg3 {[%clk 00:37:48]} {[%emt 00:13:23]} Be5 {[%clk 00:57:17]}
{[%emt 00:10:49]} 17. f4 {[%clk 00:36:47]} {[%emt 00:01:29]} Qb6+ {[%clk
00:48:27]} {[%emt 00:09:21]} 18. Kh1 {[%clk 00:33:52]} {[%emt 00:03:19]} h4
{[%clk 00:40:10]} {[%emt 00:08:53]} 19. Qd3 {[%clk 00:31:22]} {[%emt 00:02:58]}
Bxc3 {[%clk 00:35:46]} {[%emt 00:04:55]} 20. Qxc3 {[%clk 00:30:52]} {[%emt
00:01:01]} d5 {[%clk 00:35:03]} {[%emt 00:01:13]} 21. f5 {[%clk 00:28:15]}
{[%emt 00:03:07]} d4 {[%clk 00:28:20]} {[%emt 00:07:14]} 22. Qd2 {[%clk
00:26:05]} {[%emt 00:02:31]} Bd7 {[%clk 00:26:44]} {[%emt 00:02:14]} 23. Rbd1
{[%clk 00:19:49]} {[%emt 00:06:44]} gxf5 {[%clk 00:18:27]} {[%emt 00:08:49]}
24. exf5 {[%clk 00:19:32]} {[%emt 00:00:47]} Rc5 {[%emt 00:03:27]} 25. Qg5+
{[%emt 00:00:45]} Kh7 {[%clk 00:14:43]} {[%emt 00:02:13]} 26. Qxh4+ {[%clk
00:18:21]} {[%emt 00:00:29]} Qh6 {[%clk 00:14:10]} {[%emt 00:01:04]} 27. Qxe7
{[%clk 00:17:21]} {[%emt 00:01:30]} Rc7 {[%clk 00:12:39]} {[%emt 00:02:01]} 28.
Qe5 {[%clk 00:16:12]} {[%emt 00:01:29]} Rcc8 {[%clk 00:10:37]} {[%emt
00:02:42]} 29. Qxd4 {[%clk 00:15:34]} {[%emt 00:01:07]} Bc6 {[%clk 00:09:20]}
{[%emt 00:01:47]} 30. Qxa7 {[%clk 00:12:31]} {[%emt 00:03:34]} Ra8 {[%clk
00:05:26]} {[%emt 00:04:24]} 31. Qg1 {[%clk 00:10:26]} {[%emt 00:02:21]} Rh8
{[%clk 00:03:40]} {[%emt 00:02:30]} 32. a4 {[%clk 00:05:01]} {[%emt 00:05:55]}
Kg7 {[%clk 00:03:11]} {[%emt 00:00:58]} 33. Bf3 {[%clk 00:03:06]} {[%emt
00:02:24]} Bxf3 {[%clk 00:03:03]} {[%emt 00:00:40]} 34. Rxf3 {[%clk 00:03:18]}
{[%emt 00:00:17]} Kf8 {[%clk 00:02:05]} {[%emt 00:01:28]} 35. Qc5+ {[%clk
00:03:31]} {[%emt 00:00:15]} Kg7 {[%clk 00:01:58]} {[%emt 00:00:40]} 36. f6+
{[%clk 00:03:21]} {[%emt 00:00:40]} Kh7 {[%clk 00:01:16]} {[%emt 00:01:12]} 37.
Rh3 {[%clk 00:03:25]} {[%emt 00:00:24]} 1-0